书目信息 |
| 题名: |
交换技术
|
|
| 作者: | 蒋青泉 主编 | |
| 分册: | ||
| 出版信息: | 北京 高等教育出版社 2003 |
|
| 页数: | 261页 | |
| 开本: | 26cm | |
| 丛书名: | ||
| 单 册: | ||
| 中图分类: | TN915.05 | |
| 科图分类: | ||
| 主题词: | 通信网--通信交换--高等教育--教材 | |
| 电子资源: | ||
| ISBN: | 978-7-04-012561-0 | |
| 000 | 00812n|m0 2200241 450- | |
| 001 | 0102696950 | |
| 005 | 20121116170000.0 | |
| 010 | @a978-7-04-012561-0@dCNY21.50 | |
| 100 | @a20030916d2003 em y0chiy0120 ea | |
| 101 | 0 | @achi |
| 102 | @aCN@b110000 | |
| 105 | @ay z 000yy | |
| 135 | @adrbn ---auuuu | |
| 200 | 1 | @a交换技术@9Jiao Huan Ji Shu;Zhu @f蒋青泉主编@b电子资源.图书 |
| 210 | @a北京@c高等教育出版社@d2003 | |
| 215 | @a261页@d26cm | |
| 325 | @a电子复制品 | |
| 330 | @a本书讲述了交换技术基础、程控数字交换技术、综合业务数字网、智能网、S1240 EC74版程控交换设备、分组交换技术、多协议标记交换技术等内容。 | |
| 606 | 0 | @a通信网@x通信交换@x高等教育@j教材 |
| 690 | @aTN915.05@v4 | |
| 701 | 0 | @a蒋青泉@4主编@9jiang qing quan |
| 801 | 0 | @aCN@bAZmarc@c20230904 |
| 905 | @dTN915.05@e9@f1@sTN915.05/9@aBZT | |
| 交换技术/蒋青泉主编[电子资源.图书].-北京:高等教育出版社,2003 |
| 261页;26cm |
| ISBN 978-7-04-012561-0:CNY21.50 |
| 本书讲述了交换技术基础、程控数字交换技术、综合业务数字网、智能网、S1240 EC74版程控交换设备、分组交换技术、多协议标记交换技术等内容。 |
| ● |
| 相关链接 |
|
|
|
正题名:交换技术
索取号:TN915.05/9
 
预约/预借
| 序号 | 登录号 | 条形码 | 馆藏地/架位号 | 状态 | 备注 |
| 1 | 2000135130 | 2000135130 | 旧书回溯/ [索取号:TN915.05/9] | 在馆 |